Statistics for Countries With Most Nuclear Weapon Tests

Click here to take the quiz!

General Stats

  • This quiz has been taken 44 times
  • The average score is 8 of 8

Answer Stats

TestsCountry% Correct
1,032United States
100%
47China
98%
6North Korea
98%
88United Kingdom
98%
217France
95%
4India
95%
2Pakistan
95%
727Soviet Union
93%

Score Distribution

Percentile by Number Answered

Percent of People with Each Score

Your Score History

You have not taken this quiz